LEADER 00956nam a2200205 i 4500 001 000000170562 003 CaOOAMICUS 005 20080402000000.0 008 080402s1887 it u000 u fre u 013 $a147978 040 $aSeMil$bita 245 10$a[Les Cenci. Prométhée délivré. La Magicienne de l'Atlas. Epipsychidion. Adonais. Hellas]. 300 $aVI, 364 p. ;$c19 cm. 490 0 $aBibliothèque cosmopolite ;$v25 700 1 $aShelley, Percy Bysshe,$d<1792-1822>.$0(OLS)http://semarc/name/8650 773 0 $aShelley, Percy Bysshe <1792-1822>$tOeuvres poétiques complètes.$dParis : Stock, 1887-1908.$gTome2$w()19370 830 0$aBibliothèque cosmopolite ;$v25.$0(OLS)http://semarc/title/25472 850 $aSeMil 852 $aSeMil$W1$xVenegono$y1$m1V IV 56$j121446$B121446$CSeMilBibl$Z2$F132806 $81 996 $6245$a[Les Cenci. Prométhée délivré. La Magicienne de l'Atlas. Epipsychidion. Adonais. Hellas]$9(OLS)http://semarc/title/243958 LEADER 00883nam a2200205 i 4500 001 000000184360 003 CaOOAMICUS 005 20100105000000.0 008 100105s1927 it u000 u ita u 013 $a162340 040 $aSeMil$bita 100 1 $aClerici, Idelfonso Maria.$0(OLS)http://semarc/name/36184 245 10$aAtti autentici dei martiri :$b1. 2. e 3. secolo /$cVersione italiana del P. Idelfonso Clerici , B.ta. 260 $aMilano :$bS. Lega Eucaristica,$c1927. 300 $a362 p., [19] p. di tav. :$bill. ;$c20 cm. 650 4$aAtti dei martiri.$0(OLS)http://semarc/subject/2113 850 $aSeMil 852 $aSeMil$W1$xVenegono$y1$m3E V 14$j135056$B135056$CSeMilBibl$Z2$F146692 $81 996 $6245$aAtti autentici dei martiri :$b1. 2. e 3. secolo$9(OLS)http://semarc/title/264602 996 $6260$aMilano :$bS. Lega Eucaristica$9(OLS)http://semarc/publisher/33613